| 000 | 00574nam a22001817a 4500 | ||
|---|---|---|---|
| 005 | 20170412152745.0 | ||
| 010 | _aBAC-EN21 | ||
| 020 | _c250.00 | ||
| 037 |
_bKBD/Ven _adpl |
||
| 082 | _aS | ||
| 100 | _aLondon, Jack | ||
| 245 |
_aSelected short stories / _cby Jack London |
||
| 260 |
_aNoida _bMaple Press _c2010 |
||
| 270 |
_aA-63, Sector-58, _bNoida _e201301 |
||
| 300 |
_a664p. _c22cm(pbk) |
||
| 942 |
_2ddc _cEN _mLON _hS _k343.540552 |
||
| 999 |
_c138802 _d138802 |
||